000 00796nam a2200205 a 4500
003 0
005 20250424094459.0
008 050808s19uu xx 00 eng d
050 _aPHS GV 1111
_b.H47 2005
100 _aHernandez, Joselito Miguel M.
245 _aFactors that influence the decision to develop self-defense skills /
_cJoselito Miguel M. Hernandez.
260 _aLas PiƱas City, Philippines :
_bSouthville International School and Colleges,
_c2005.
300 _a35 pages :
_billustrations ;
_c28 cm.
504 _aIncludes bibliographical references.
650 _aSelf-defense
_xPsychological aspects.
650 _2Library of Congress Subject Headings
_aSelf-defense training
_xMotivation.
650 _aSafety education
_zPhilippines.
942 _2lcc
_cPASS
999 _c97237
_d97237